| 000 | 00618am a2200241a 44500 | ||
|---|---|---|---|
| 003 | AR-BaBNM | ||
| 005 | 20251128202654.0 | ||
| 008 | 087019s1983 #AR|||||||||||000 | spa|| | ||
| 020 | _a950-562-290-2 | ||
| 040 | _cAR-BaBNM | ||
| 100 | 1 | _aEspinel, María Victoria | |
| 245 | 1 | 0 | _aTerritorio de Güemes |
| 260 |
_aLa Plata _bEdiciones del Círculo _c1983 |
||
| 300 | _a67 p. | ||
| 650 | 4 | _aLITERATURA ARGENTINA | |
| 650 | 4 | _aHISTORIA ARGENTINA | |
| 650 | 4 | _aCOSTUMBRES Y TRADICIONES | |
| 650 | 4 | _aLITERATURA FOLKLORICA | |
| 650 | 4 | _aGAUCHOS DE GÜEMES | |
| 655 | _aLITERATURA | ||
| 942 | _cBK | ||
| 998 | _cMARTIN | ||
| 999 |
_c70 _d70 |
||